000 00602cam a22002053a 4500
001 39299
003 PGUSA
005 20140828083855.0
008 120329s2012||||xxu|||||s|||||000 | eng d
040 _aPGUSA
_beng
042 _adc
100 1 _aGaal, György,
_d1783-1855
245 1 0 _aGaal György magyar népmese-gyűjteménye (1. kötet)
_h[electronic resource] /
_cGyörgy Gaal
260 _bProject Gutenberg,
_c2012
506 _aPublic domain in the USA.
516 _aElectronic text
830 0 _aProject Gutenberg
_v39299
856 4 0 _uhttp://www.gutenberg.org/ebooks/39299
942 _cEB
999 _c268552
_d268552